Finsler metrics-- a global approach : with applications to geometric function theory

Αποθηκεύτηκε σε:
Λεπτομέρειες βιβλιογραφικής εγγραφής
Κύριος συγγραφέας: Abate, Marco 1962-
Άλλοι συγγραφείς: Patrizio, Giorgio
Μορφή: Βιβλίο
Γλώσσα:English
Δημοσίευση: Berlin ; New York : Springer-Verlag, c1994
Σειρά:Lecture notes in mathematics (Springer-Verlag) ; 1591
Θέματα:
Ετικέτες: Προσθήκη ετικέτας
Δεν υπάρχουν, Καταχωρήστε ετικέτα πρώτοι!

MARC

LEADER 00000cam a2200000 i 4500
001 1/29890
008 960703s1994 eng d
020 |a 354058465X 
035 |l 10038431 
035 |a 1995 
040 |a GR-MY-UA  |b gre  |e aacr 
041 0 |a eng 
082 0 |a 516.375  |2 (20) 
100 1 |a Abate, Marco  |d 1962- 
245 1 0 |a Finsler metrics-- a global approach :  |b with applications to geometric function theory /  |c Marco Abate, Giorgio Patrizio 
260 |a Berlin ; New York :   |b Springer-Verlag,   |c c1994 
300 |a ix, 180 p.;  |b ill.;  |c 24 cm. 
490 1 |a Lecture notes in mathematics (Springer-Verlag)  |v ; 1591 
504 |a Includes bibliographical references (p. [171]-173) and index 
650 0 0 |a Finsler spaces. 
650 0 0 |a Complex manifolds. 
700 1 |a Patrizio, Giorgio. 
830 0 |a Lecture notes in mathematics (Springer-Verlag)  |v ; 1591 
852 |a INST  |b SAMOS  |e 19960703  |h 516.375 ABA  |p 005300005332  |q 005300005332  |t BK  |y 0 
909 |a Σ  |b 039216